| 000 | 01337cam a2200337 a 4500 | ||
|---|---|---|---|
| 090 | _c0 | ||
| 001 | 14899886 | ||
| 005 | 20080311140814.0 | ||
| 008 | 070621s2008 inua 001 0 eng | ||
| 010 | _a 2007026204 | ||
| 015 |
_aGBA762730 _2bnb |
||
| 016 | 7 |
_a013811902 _2Uk |
|
| 020 | _a9781587053061 (pbk.) | ||
| 020 | _a1587053063 (pbk.) | ||
| 035 | _a(OCoLC)ocn153597810 | ||
| 035 | _a(OCoLC)153597810 | ||
| 040 |
_aDLC _cDLC _dBTCTA _dBAKER _dUKM _dC#P _dYDXCP _dDLC |
||
| 050 | 0 | 0 |
_aTK5105.59 _b.H42 2008 |
| 082 | 0 | 0 |
_a005.8 _222 _bHEA |
| 100 | 1 | _aHeary, Jamey. | |
| 245 | 1 | 0 |
_aCisco NAC appliance : _bEnforcing Host Security with Clean aAccess / _cJamey Heary ; contributing authors, Jerry Lin, Chad Sullivan, Alok Agrawal. |
| 260 |
_aIndianapolis, Ind. : _bCisco Press, _cc2008. |
||
| 300 |
_axxv, 542 p. : _bill. ; _c24 cm. |
||
| 440 | 0 | _aCisco Press networking technology series | |
| 500 | _aIncludes index. | ||
| 650 | 0 |
_aComputer networks _xSecurity measures. |
|
| 650 | 0 |
_aComputers _xAccess control. |
|
| 942 |
_2ddc _cBB |
||
| 999 |
_c10492 _d10492 |
||